000 00417nam a2200169 i 4500
001 bg
100 1 _aBENSE, Max
245 0 _aŚwiat przez pryzmat znaku /
_cMax Bense.
260 _aWarszawa,
_c1980.
490 1 _aBiblioteka Myśli Współczesnej
830 _aBiblioteka Myśli Współczesnej
040 _cBPK
041 _apol
080 _a003
942 _cKS
008 s pl f |000 0 pol
999 _c21617
_d21617
856 _uhttp://koha.tu.koszalin.pl/cgi-bin/koha/opac-detail.pl?biblionumber=21617
_yKatalog online BPK